000 00881nam a22002777a 4500
005 20250123095115.0
008 240826b ||||| |||| 00| 0 eng d
020 _a9789395107372
040 _cAL
041 _aHindi
082 _223
_aH491.802
_bKASH
100 _aNidhi Kashyap
_9194713
100 _9177895
_dनिधि कश्यप
245 _aHindi Anuvad
_bहिन्दी अनुवाद
260 _aKanpur
_bAman Prakashan
_c2023
300 _a240 p.
_bHB
_c21.5x14 cm.
365 _a127 p.
_b₹525.00
_c
_d₹700.00
_e25%
_f31-07-2024
650 _aHindi Language
_9177888
650 _aRashtriya Shiksha Niti 2020 ke Anurupa
_9177889
700 _aKASHYAP (Nidhi)
_9177890
700 _aPRATAP (Manu)
_9177891
700 _aPATEL (Anuj)
_9177892
700 _aTRIPATHI (Gyanendra Mani)
_9177893
700 _aPRACHI
_9177894
942 _2ddc
_cBK
999 _c231581
_d231581